000 00689nam a2200205Ia 4500
001 11513
003 GE_BSU
008 181216s||||||||xx |||||||||||||| ||und||
040 _cGE_BSU
080 _a633.8
100 _aცქიტიშვილ,გ.
245 _aსუბტროპიკული ეთერზეთოვანი კულტურები.
245 _cრედ:ვ.ვ.ფანჩულაძე.
260 _aთბილისი.
260 _bცოდნა.
260 _c1962.
300 _a175გვ;23სმ.
653 _aსუბტროპიკული ეთერზეთოვანი კულტურები.
942 _cBK
999 _c44708
_d44708